|
|
|
|
| LEADER |
00000nam a2200000 a 4500 |
| 001 |
vtls008302340 |
| 003 |
SK-MaSNL |
| 005 |
20260302074205.0 |
| 008 |
251029s2004 gw g a 000 0 ger |
| 020 |
|
|
|a 3631521391
|q (brož.)
|
| 040 |
|
|
|a SNK
|b slo
|c SNK
|e AACR2
|
| 041 |
0 |
|
|a ger
|b ger
|
| 043 |
|
|
|a e-rm---
|a e-un---
|
| 044 |
|
|
|a gw
|a sz
|a be
|a xxk
|a xxu
|a au
|c DE
|c CH
|c BE
|c US
|c GB
|c AT
|
| 072 |
|
7 |
|a 821.112.2.09
|x Nemecká literatúra, nemecky písaná (o nej)
|2 konspekt
|
| 080 |
|
|
|a 821.112.2-051
|2 2001
|
| 080 |
|
|
|a (498+477)
|2 2001
|
| 080 |
|
|
|a (048.8)
|2 2001
|
| 080 |
|
|
|a 821.112.2
|2 2001
|
| 100 |
1 |
|
|a Ščihel'skaja, Natal'ja,
|d 1978-
|4 aut
|9 648760
|
| 245 |
1 |
0 |
|a Deutschsprachige Autoren aus der Bukowina
|b die kulturelle Herkunft als bleibendes Motiv in der Identitätssuche deutschsprachiger Autoren aus der Bukowina ; untersucht anhand der Lyrik von Paul Celan, Rose Ausländer, Alfred Kittner, Alfred Gong, Moses Rosenkranz, Immanuel Weissglas, Alfred Margul-Sperber, Selma Meerbaum-Eisinger, Klara Blum, Else Keren
|c Natalia Shchyhlevska
|
| 260 |
|
|
|a Frankfurt am Main
|b Peter Lang
|c c2004
|
| 300 |
|
|
|a 249 s.
|c 21 cm
|
| 490 |
1 |
|
|a Studien zur deutschen und europäischen Literatur des 19. und 20. Jahrhunderts
|x 0946-9618
|v Bd. 55
|
| 546 |
|
|
|a Res. nem.
|
| 648 |
|
7 |
|a 19.-20. stor.
|2 SNKPH
|9 268609
|
| 650 |
0 |
7 |
|a German literature
|2 SNKPHeng
|9 266003
|
| 650 |
0 |
7 |
|a Authors writing in German
|2 SNKPHeng
|9 298418
|
| 650 |
0 |
7 |
|a nemecká literatúra
|2 SNKPH
|9 1195
|
| 650 |
0 |
7 |
|a nemecky píšuci spisovatelia
|2 SNKPH
|9 73955
|
| 650 |
0 |
7 |
|a nemecky písaná literatúra
|2 SNKPH
|9 63942
|
| 650 |
0 |
7 |
|a Literature in German
|2 SNKPHeng
|9 298417
|
| 651 |
|
7 |
|a Bukovina (historické územie)
|2 SNKPH
|9 90523
|
| 655 |
|
7 |
|a štúdie
|2 SNKPH
|9 57033
|
| 655 |
|
7 |
|a Studies
|2 SNKPHeng
|9 265573
|
| 830 |
|
0 |
|a Studien zur deutschen und europäischen Literatur des 19. und 20. Jahrhunderts
|9 648761
|
| 919 |
|
|
|a 3-631-52139-1
|
| 999 |
|
|
|c 1164029
|d 1165959
|
| 952 |
|
|
|a SNK
|b SNK
|y NEVYP
|7 1
|o snk
|8 2
|g 54.84
|0 0
|1 0
|4 0
|d 2005-10-12
|l 0
|r 2026-02-24 20:43:37
|w 2026-02-24
|
| 952 |
|
|
|a SNK
|b SNK
|y VYP
|7 0
|p 17A0489213
|o snkIC 132755
|i snk2005/20703
|8 2
|g 54.84
|0 0
|1 0
|4 0
|d 2005-10-12
|l 0
|r 2026-02-24 20:43:37
|w 2026-02-24
|